|
|
|
|
| LEADER |
00000nam0a2200000 4500 |
| 001 |
160202 |
| 005 |
20231031155514.0 |
| 035 |
|
|
|a (RuTPU)RU\TPU\book\173734
|
| 090 |
|
|
|a 160202
|
| 100 |
|
|
|a 20090519d1980 m y0rusy50 ca
|
| 101 |
0 |
|
|a rus
|
| 102 |
|
|
|a RU
|
| 105 |
|
|
|a a z 001zy
|
| 200 |
1 |
|
|a Предохранительные и сигнализационные устройства кранов
|f Н. И. Ерофеев
|
| 205 |
|
|
|a 3-е изд., перераб. и доп.
|
| 210 |
|
|
|a Москва
|c Машиностроение
|d 1980
|
| 215 |
|
|
|a 152 с.
|c ил.
|
| 320 |
|
|
|a Библиогр.: с. 150-151.
|
| 610 |
1 |
|
|a подъемные краны
|
| 610 |
1 |
|
|a предохранительные устройства
|
| 610 |
1 |
|
|a сигнальные устройства
|
| 610 |
1 |
|
|a концевые выключатели
|
| 610 |
1 |
|
|a ограничители грузоподъемности
|
| 610 |
1 |
|
|a противоугонные устройства
|
| 610 |
1 |
|
|a приборы безопасности
|
| 675 |
|
|
|a 621.873
|v 3
|
| 700 |
|
1 |
|a Ерофеев
|b Н. И.
|g Николай Иванович
|
| 801 |
|
1 |
|a RU
|b 63413507
|c 20090519
|g PSBO
|
| 801 |
|
2 |
|a RU
|b 63413507
|c 20091228
|g RCR
|
| 942 |
|
|
|c BK
|